| 000 | 00817cam a22002291 4500 | ||
|---|---|---|---|
| 001 | sa 68004857 | ||
| 003 | DLC | ||
| 005 | 20260227112504.0 | ||
| 008 | 711020s1967 ii a 00000 eng | ||
| 010 | _asa 68004857 //r84 | ||
| 025 | _aPL480:I-E-9399 | ||
| 043 | _aa-ii--- | ||
| 050 | 0 |
_aHD4293 _b.F5 |
|
| 082 | _a354.54/092 | ||
| 245 | 0 | 0 |
_aFinancial organisation in public enterprise. _c[General editor: V. V. Ramanadham] With a foreword by R. C. Dutt. |
| 260 | 0 |
_aBombay, _bN. M. Tripathi, _c1967. |
|
| 300 |
_axi, 253 p. _billus. _c23 cm. |
||
| 350 | _aRs21 | ||
| 500 | _a"Contains reviews of the discussions ... at four seminars arranged by the Institute [of Public Enterprise]" | ||
| 650 | 0 |
_aGovernment business enterprises _zIndia _xFinance. |
|
| 710 | 2 | 0 | _aInstitute of Public Enterprise (Hyderabad, India) |
| 999 |
_c80397 _d80397 |
||